Women's voices, feminist visions : Classic and contemporary readings

As a leading introductory womens studies reader Shaw and Lees Womens Voices Feminist Visions offers an excellent balance of classic conceptual and experiential selections including new contemporary readings; This studentfriendly text provides short and accessible readings reflecting the diversity...

Descrizione completa

Salvato in:
Dettagli Bibliografici
Autore principale: Shaw, Susan M.
Natura: Libro
Lingua:Undetermined
Pubblicazione: New York McGraw-Hill 2012
Soggetti:
Tags: Aggiungi Tag
Nessun Tag, puoi essere il primo ad aggiungerne! !
Thư viện lưu trữ: Trung tâm Học liệu Trường Đại học Cần Thơ
LEADER 01105nam a2200217Ia 4500
001 CTU_209997
008 210402s9999 xx 000 0 und d
020 |c 138.83 
082 |a 305.42 
082 |b S536 
100 |a Shaw, Susan M. 
245 0 |a Women's voices, feminist visions : 
245 0 |b Classic and contemporary readings 
245 0 |c Susan M. Shaw, Janet Lee 
260 |a New York 
260 |b McGraw-Hill 
260 |c 2012 
520 |a As a leading introductory womens studies reader Shaw and Lees Womens Voices Feminist Visions offers an excellent balance of classic conceptual and experiential selections including new contemporary readings; This studentfriendly text provides short and accessible readings reflecting the diversity of womens experiences; With each new edition the authors keep the framework essays and selections of readings fresh and interesting for students. 
650 |a Women's studies,Feminism,Nữ quyền,Nghiên cứu phụ nữ 
904 |i Huỳnh Thị Ngọc Ngân, Tuyến 
980 |a Trung tâm Học liệu Trường Đại học Cần Thơ